India sri lanka relations/ (Record no. 160585)

MARC details
000 -LEADER
fixed length control field 00644nam a2200193 4500
005 - DATE AND TIME OF LATEST TRANSACTION
control field 20190205152337.0
010 ## - LCCN (DPL NO)
LC control number ENG-124738
020 ## - INTERNATIONAL STANDARD BOOK NUMBER
International Standard Book Number 9789381234785
Terms of availability 895.00
035 ## - SYSTEM CONTROL NUMBER
System control number EN-108270
037 ## - SOURCE OF ACQUISITION
Source of stock number/acquisition DBAD/PUB
082 ## - DEWEY DECIMAL CLASSIFICATION NUMBER
Classification number 303.4825405493
100 ## - MAIN ENTRY--PERSONAL NAME
Personal name Ashraf Rather,Mohd
245 ## - TITLE STATEMENT
Title India sri lanka relations/
Statement of responsibility, etc by Mohd.Rather
260 ## - PUBLICATION, DISTRIBUTION, ETC. (IMPRINT)
Place of publication, distribution, etc Delhi
Name of publisher, distributor, etc Ankit Publications
Date of publication, distribution, etc 2018
270 ## - ADDRESS
Address R-69, 3rd floor, Model Town-3
City Delhi
Postal code 110009
Telephone number 09891553405
Electronic mail address ankitpublications@gmail.com
300 ## - PHYSICAL DESCRIPTION
Extent 263p.
Dimensions 22cm(Hb)
500 ## - GENERAL NOTE
General note It includes bibliographical references and index
942 ## - ADDED ENTRY ELEMENTS (KOHA)
Source of classification or shelving scheme Dewey Decimal Classification
Item type English Books
Edition 1
Classification part 303.4825405493
Call number suffix ASH
Holdings
Withdrawn status Lost status Not for loan Collection code Home library Current library Date acquired Source of acquisition Cost, normal purchase price Full call number Barcode Copy number Cost, replacement price Koha item type
      Non-fiction Central Library Central Library 05/02/2019 DBAD/PUB 895.00 303.4825405493 ASH EN-108270 1 895.00 English Books

© Delhi Public Library
Hit Counter
free hit counter